000 00603nam a2200217Ia 4500
005 20260429111927.0
008 260429s9999||||xx |||||||||||||| ||und||
020 _a9789392262203
041 _aEnglish
082 _a375
_bAGA
100 _aAgarwal, Deepak
245 0 _aCurriculum development :
_bconcepts. methods and techniques /
_cDeepak Agarwal
250 _a2nd ed.
260 _aJaipur :
_bBook Enclave,
_c2023.
300 _av, 253 p.; hb
650 _a Education planning
650 _a Instructional design
650 _a Pedagogy
650 _aCurriculum development
942 _cTB
999 _c51465
_d51465